Does Political (De)stabilization Drive Clean Energy Transition?

Táto štúdia skúma politickú ekonómiu rozvoja čistej energie a hodnotí, ako politická (de)stabilizácia ovplyvňuje proces prechodu na čistú energiu vo vybraných krajinách južnej Ázie. Na základe ročných údajov od roku 1998 do roku 2021 výsledky ukazujú, že politická stabilizácia uľahčuje proces precho...

Celý popis

Uložené v:
Podrobná bibliografia
Hlavný autor: Xu, Runguo
Ďalší autori: Murshed, Muntasir, Li, Wenjuan
Médium: Kapitola
Jazyk:English
Predmet:
Tagy: Pridať tag
Žiadne tagy, Buďte prvý, kto otaguje tento záznam!

MARC

LEADER 00000naa$a2200000$$$4500
001 0307166
005 20250220104022.7
041 0 |a eng 
044 |a CZ 
245 1 0 |a Does Political (De)stabilization Drive Clean Energy Transition?  |c Runguo Xu, Muntasir Murshed, Wenjuan Li 
520 |a Táto štúdia skúma politickú ekonómiu rozvoja čistej energie a hodnotí, ako politická (de)stabilizácia ovplyvňuje proces prechodu na čistú energiu vo vybraných krajinách južnej Ázie. Na základe ročných údajov od roku 1998 do roku 2021 výsledky ukazujú, že politická stabilizácia uľahčuje proces prechodu na čistú energiu zvýšením podielu obnoviteľných zdrojov energie v profiloch konečnej spotreby energie príslušných juhoázijských krajín. Naopak, politická destabilizácia brzdí proces prechodu. Okrem toho možno pozorovať, že politická stabilizácia čiastočne kompenzuje vplyv rastúcich emisií oxidu uhličitého v južnej Ázii, ktorý brzdí prechod na čistú energiu. 
610 2 0 |a ekonómia politická 
610 2 0 |a energia zelená 
610 2 0 |a zdroje energie obnoviteľné 
610 2 0 |a investície zahraničné 
610 2 0 |a Ázia 
100 1 |a Xu, Runguo 
700 1 |a Murshed, Muntasir 
700 1 |a Li, Wenjuan